Reveal Countries by Naming Their Capitals - Statistics

General Stats
  • This quiz has been taken 55 times
  • The average score is 13 of 20
Answer Stats
Capital Flag % Correct
Brasília
100%
New Delhi
100%
Zagreb
89%
Budapest
85%
Reykjavík
83%
Kuala Lumpur
77%
Lima
70%
Thimphu
68%
Sarajevo
66%
Ulaanbaatar
60%
Vientiane
60%
Abuja
58%
Vaduz
58%
Vilnius
58%
Chișinău
57%
Kampala
57%
Niamey
57%
Castries
53%
Freetown
43%
Honiara
36%
No matching quizzes found
Score Distribution
Percent of People with Each Score
Percentile by Number Answered
Your Score History
You have not taken this quiz